অনুবর্তন : (Record no. 48947)
[ view plain ]
| 000 -LEADER | |
|---|---|
| fixed length control field | 00879nam a2200229 a 4500 |
| 001 - CONTROL NUMBER | |
| control field | 48947 |
| 003 - CONTROL NUMBER IDENTIFIER | |
| rucl marc code | BD-RjUL |
| 005 - DATE AND TIME OF LATEST TRANSACTION | |
| control field | 20211209054619.0 |
| 008 - FIXED-LENGTH DATA ELEMENTS--GENERAL INFORMATION | |
| fixed length control field | 160817s1970 bg ||||| |||| 00| 0 ben d |
| 035 ## - SYSTEM CONTROL NUMBER | |
| System control number | (BD-RjUL) 49066 |
| 040 ## - CATALOGING SOURCE | |
| Original cataloging agency | BD-RjUL |
| Language of cataloging | ben |
| Transcribing agency | BD-RjUL |
| 041 ## - LANGUAGE CODE | |
| Language code of text/sound track or separate title | ben |
| 082 ## - DEWEY DECIMAL CLASSIFICATION NUMBER | |
| Edition number | 23 |
| Classification number | B 891.442 |
| Author mark and year | SHA 1970 |
| 100 ## - MAIN ENTRY--PERSONAL NAME | |
| Personal name | শাইখ, আসকার ইবনে |
| 9 (RLIN) | 126066 |
| 245 ## - TITLE STATEMENT | |
| Title | অনুবর্তন : |
| Remainder of title | নিম্ন-মধ্যবিত্ত-জীবনের এক আলেখ্য / |
| Statement of responsibility, etc. | আসকার ইবনে শাইখ |
| 250 ## - EDITION STATEMENT | |
| Edition statement | ২য় সং |
| 260 ## - PUBLICATION, DISTRIBUTION, ETC. (IMPRINT) | |
| Place of publication, distribution, etc. | ঢাকা : |
| Name of publisher, distributor, etc. | সোসাইটি ফর পাকিস্তান ষ্টাডিজ, |
| Date of publication, distribution, etc. | ১৯৭০ |
| 300 ## - PHYSICAL DESCRIPTION | |
| Pagination | ৮৪ পৃ. ; |
| Size | ২০ সেমি. |
| 650 ## - SUBJECT ADDED ENTRY--TOPICAL TERM | |
| Topical term or geographic name as entry element | বাংলা নাটক |
| 9 (RLIN) | 147412 |
| Topical term or geographic name as entry element | Bengali Drama |
| 9 (RLIN) | 147413 |
| 942 ## - ADDED ENTRY ELEMENTS (KOHA) | |
| Source of classification or shelving scheme | Dewey Decimal Classification |
| Koha item type | Books |
| Lost status | Source of classification or shelving scheme | Damaged status | Not for loan | Collection code | Permanent Location | Current Location | Shelving location | Date acquired | Source of acquisition | Cost, normal purchase price | Total Checkouts | Full call number | Date last seen | Copy number | Koha item type | Date checked out |
|---|---|---|---|---|---|---|---|---|---|---|---|---|---|---|---|---|
| Dewey Decimal Classification | Non-fiction | Central Library, University of Rajshahi | Central Library, University of Rajshahi | 06/09/1973 | Nowroze Kitabistan | 2.00 | B 891.442 SHA 1970 | 17/08/2016 | C-2 | Books | ||||||
| Dewey Decimal Classification | Non-fiction | Central Library, University of Rajshahi | Central Library, University of Rajshahi | 06/09/1973 | Nowroze Kitabistan | 2.00 | 1 | B 891.442 SHA 1970 | 04/02/2020 | C-3 | Books | 03/02/2020 |